<?xml version="1.0" encoding="UTF-8"?>
<record
    xmlns:xsi="http://www.w3.org/2001/XMLSchema-instance"
    xsi:schemaLocation="http://www.loc.gov/MARC21/slim http://www.loc.gov/standards/marcxml/schema/MARC21slim.xsd"
    xmlns="http://www.loc.gov/MARC21/slim">

  <leader>00987naa a22002177i 4500</leader>
  <controlfield tag="001">232575</controlfield>
  <controlfield tag="003">ES-MaBCM</controlfield>
  <controlfield tag="005">20260304080752.0</controlfield>
  <controlfield tag="008">260304s2026    sp ||||| |||| 00| 0 spa d</controlfield>
  <datafield tag="040" ind1=" " ind2=" ">
    <subfield code="c">ES-MaBCM</subfield>
  </datafield>
  <datafield tag="100" ind1="1" ind2=" ">
    <subfield code="a">Bellido Gonz&#xE1;lez Del Campo, Carlos</subfield>
    <subfield code="9">127194</subfield>
  </datafield>
  <datafield tag="245" ind1="1" ind2="0">
    <subfield code="a">Entre la autonom&#xED;a y la protecci&#xF3;n :</subfield>
    <subfield code="b">interpretaci&#xF3;n del modelo de apoyos de la Ley 8/2021 en la Jurisprudencia del Tribunal Supremo</subfield>
    <subfield code="c">Carlos Bellido Gonz&#xE1;lez del Campo</subfield>
  </datafield>
  <datafield tag="504" ind1=" " ind2=" ">
    <subfield code="a">Incluye referencias bibliogr&#xE1;ficas</subfield>
  </datafield>
  <datafield tag="610" ind1="1" ind2="0">
    <subfield code="a">Espa&#xF1;a</subfield>
    <subfield code="t">. Ley por la que se reforma la legislaci&#xF3;n civil y procesal para el apoyo a las personas con discapacidad en el ejercicio de su capacidad jur&#xED;dica, 2021</subfield>
    <subfield code="9">126067</subfield>
  </datafield>
  <datafield tag="650" ind1=" " ind2="7">
    <subfield code="a">Discapacitado</subfield>
    <subfield code="9">59452</subfield>
  </datafield>
  <datafield tag="650" ind1=" " ind2="7">
    <subfield code="a">Asistencia judicial</subfield>
    <subfield code="9">57618</subfield>
  </datafield>
  <datafield tag="650" ind1=" " ind2="7">
    <subfield code="a">Derecho a la justicia</subfield>
    <subfield code="9">58287</subfield>
  </datafield>
  <datafield tag="655" ind1=" " ind2="4">
    <subfield code="a">Jurisprudencia</subfield>
    <subfield code="9">115565</subfield>
  </datafield>
  <datafield tag="773" ind1="0" ind2=" ">
    <subfield code="d">Las Rozas, Madrid</subfield>
    <subfield code="g">N. 10895 (3 de marzo de 2026) - Loc. En l&#xED;nea</subfield>
    <subfield code="t">Diario La Ley</subfield>
    <subfield code="w">213918</subfield>
  </datafield>
  <datafield tag="942" ind1=" " ind2=" ">
    <subfield code="2">udc</subfield>
    <subfield code="c">AREV</subfield>
  </datafield>
  <datafield tag="999" ind1=" " ind2=" ">
    <subfield code="c">232575</subfield>
    <subfield code="d">232575</subfield>
  </datafield>
  <datafield tag="952" ind1=" " ind2=" ">
    <subfield code="0">0</subfield>
    <subfield code="1">0</subfield>
    <subfield code="2">udc</subfield>
    <subfield code="4">0</subfield>
    <subfield code="7">0</subfield>
    <subfield code="a">BC</subfield>
    <subfield code="b">BC</subfield>
    <subfield code="c">SALA</subfield>
    <subfield code="d">2026-03-04</subfield>
    <subfield code="l">0</subfield>
    <subfield code="r">2026-03-04 08:07:59</subfield>
    <subfield code="w">2026-03-04</subfield>
    <subfield code="y">AREV</subfield>
  </datafield>
</record>
